000
00253cam a22000977a 4500
008
180718b xxu||||| |||| 00| 0 eng d
082
_a
I5131 C414
100
_a
Cheema, Shabbir
245
_a
Decentralization and development
_c
by Shabbir Cheema
260
_a
_b
_c
999
_c
357779
_d
357779